Magnetohydrodynamic electrical power generation / (Record no. 179643)

000 -LEADER
fixed length control field 01098 a2200241 4500
003 - CONTROL NUMBER IDENTIFIER
control field Nust
005 - DATE AND TIME OF LATEST TRANSACTION
control field 20221028191809.0
010 ## - LIBRARY OF CONGRESS CONTROL NUMBER
LC control number 94018580
020 ## - INTERNATIONAL STANDARD BOOK NUMBER
International Standard Book Number 0471942529 :
040 ## - CATALOGING SOURCE
Transcribing agency Nust
082 00 - DEWEY DECIMAL CLASSIFICATION NUMBER
Classification number 621.31245,MES
100 1# - MAIN ENTRY--PERSONAL NAME
Personal name Messerle, Hugo K.
9 (RLIN) 101708
245 10 - TITLE STATEMENT
Title Magnetohydrodynamic electrical power generation /
Statement of responsibility, etc. Hugo K. Messerle.
260 ## - PUBLICATION, DISTRIBUTION, ETC.
Place of publication, distribution, etc. Chichester ;
-- New York :
Name of publisher, distributor, etc. J. Wiley,
Date of publication, distribution, etc. c1995.
300 ## - PHYSICAL DESCRIPTION
Extent xvii, 191 p. :
Other physical details ill. ;
Dimensions 25 cm.
440 #0 - SERIES STATEMENT/ADDED ENTRY--TITLE
Title Energy engineering learning package
9 (RLIN) 101709
440 #0 - SERIES STATEMENT/ADDED ENTRY--TITLE
Title UNESCO energy engineering series
9 (RLIN) 101710
505 ## - FORMATTED CONTENTS NOTE
Formatted contents note Introduction (Page-1), MHD Plasmas (Page-21), Electrodynamics (Page-37), Fluid Mechanics (Page-57), Generator Design (Page-77), Disk Generator (Page-95), Non-Equilibrium Ionisation (Page-109), Simulation and Power Conditioning (Page-127), MHD Power Applications (Page-145), Power System Integration (Page-159).
650 #0 - SUBJECT ADDED ENTRY--TOPICAL TERM
Topical term or geographic name entry element Electric power production
General subdivision Magnetohydrodynamic generation.
9 (RLIN) 101711
650 #0 - SUBJECT ADDED ENTRY--TOPICAL TERM
Topical term or geographic name entry element Magnetohydrodynamic generators.
9 (RLIN) 101712
650 #0 - SUBJECT ADDED ENTRY--TOPICAL TERM
Topical term or geographic name entry element Magnetohydrodynamics.
9 (RLIN) 101713
942 ## - ADDED ENTRY ELEMENTS (KOHA)
Source of classification or shelving scheme
Koha item type Book
Holdings
Withdrawn status Lost status Source of classification or shelving scheme Damaged status Not for loan Permanent Location Current Location Shelving location Date acquired Full call number Barcode Date last seen Price effective from Koha item type Public note
          Military College of Signals (MCS) Military College of Signals (MCS) General Stacks 12/12/2016 621.31245 MES MCS975 12/08/2016 12/12/2016 Book Almirah No.29, Shelf No.1
© 2023 Central Library, National University of Sciences and Technology. All Rights Reserved.